Frank Wood's Business Accounting 2 / (Record no. 38)
[ view plain ]
| 000 -LEADER | |
|---|---|
| fixed length control field | 00788nam a22002417a 4500 |
| 001 - CONTROL NUMBER | |
| control field | 0289 |
| 003 - CONTROL NUMBER IDENTIFIER | |
| control field | OSt |
| 005 - DATE AND TIME OF LATEST TRANSACTION | |
| control field | 20250210141034.0 |
| 008 - FIXED-LENGTH DATA ELEMENTS--GENERAL INFORMATION | |
| fixed length control field | 250210b |||||||| |||| 00| 0 eng d |
| 020 ## - INTERNATIONAL STANDARD BOOK NUMBER | |
| International Standard Book Number | 0-273-76792-3 |
| 040 ## - CATALOGING SOURCE | |
| Transcribing agency | KARL KUMM UNIVERSITY |
| Language of cataloging | Accounting |
| 050 ## - LIBRARY OF CONGRESS CALL NUMBER | |
| Classification number | HF5635 .W8633 2012 |
| 100 ## - MAIN ENTRY--PERSONAL NAME | |
| Personal name | Wood, F. / |
| Dates associated with a name | 1926-2000 / |
| Fuller form of name | Frank Wood |
| 245 ## - TITLE STATEMENT | |
| Title | Frank Wood's Business Accounting 2 / |
| Statement of responsibility, etc. | Frank Wood |
| 250 ## - EDITION STATEMENT | |
| Edition statement | Twelfth |
| 260 ## - PUBLICATION, DISTRIBUTION, ETC. | |
| Place of publication, distribution, etc. | Itali |
| Name of publisher, distributor, etc. | Prince Hall |
| Date of publication, distribution, etc. | 2012 |
| 300 ## - PHYSICAL DESCRIPTION | |
| Extent | xxiii, 825p |
| Other physical details | Illustrations, Appendix, index |
| 546 ## - LANGUAGE NOTE | |
| Language note | English |
| 600 ## - SUBJECT ADDED ENTRY--PERSONAL NAME | |
| Personal name | Wood, Frank : |
| Dates associated with a name | 1967 |
| Title of a work | Frank Wood's Business Accounting 2 |
| 600 ## - SUBJECT ADDED ENTRY--PERSONAL NAME | |
| Source of heading or term | Sangster, Alan |
| Title of a work | Business Accounting 2 |
| 700 ## - ADDED ENTRY--PERSONAL NAME | |
| Personal name | Sangster; |
| Fuller form of name | Alan Sangster |
| 942 ## - ADDED ENTRY ELEMENTS (KOHA) | |
| Source of classification or shelving scheme | Library of Congress Classification |
| Koha item type | Books |
| Edition | 12th |
| Classification part | HF5635 |
| Item part | .W8633 2012 |
| Suppress in OPAC | No |
| Withdrawn status | Lost status | Source of classification or shelving scheme | Damaged status | Not for loan | Home library | Current library | Date acquired | Total checkouts | Date last seen | Price effective from | Koha item type |
|---|---|---|---|---|---|---|---|---|---|---|---|
| Library of Congress Classification | Karl Kumm University Librrary Services | Karl Kumm University Librrary Services | 10/15/2025 | 10/15/2025 | 10/15/2025 | Books |
